Normal view
MARC view
Entry Personal Name
001 - CONTROL NUMBER
- control field: 38897
003 - CONTROL NUMBER IDENTIFIER
- control field: dpl
005 - DATE AND TIME OF LATEST TRANSACTION
- control field: 20120111115913.0
008 - FIXED-LENGTH DATA ELEMENTS
- fixed length control field: 120111|||a|||||| | ||| d
040 ## - CATALOGING SOURCE
- Original cataloging agency: dpl
- Transcribing agency: dpl
100 ## - HEADING--PERSONAL NAME
- Personal name: Green, Jen
670 ## - SOURCE DATA FOUND
- Source citation: Work cat.: (dpl): Green, Jen, The Children's encylopedia of planet earth /, 2010
670 ## - SOURCE DATA FOUND
- Source citation: Work cat.: (dpl): Green, Jen, The Children's encylopedia of planet earth /, 2010
